000
00251nam a2200097Ia 4500
008
241105s9999 xx 000 0 und d
041
_a
eng
100
_a
Palve Aishwarya.
245
_a
Mixed Use Highrise Development Mumbai.
260
_b
BNCA, Pune
_c
2019
999
_c
361848
_d
361848